Vplyv vybraných faktorov nákupnej atmosféry na nákupné správanie spotrebiteľov

Vplyv nákupnej atmosféry maloobchodných jednotiek na nákupné rozhodovanie spotrebiteľa a celkovú návštevnosť predajnej jednotky. Význam a dôležitosť vplyvu nákupnej atmosféry v predajni.

Na minha lista:
Detalhes bibliográficos
Autor principal: Folvarčíková, Lucia, 1982-
Outros Autores: Chomová, Katarína, 1983-
Formato: Capítulo de Livro
Idioma:eslovaco
Assuntos:
Tags: Adicionar Tag
Sem tags, seja o primeiro a adicionar uma tag!

MARC

LEADER 00000nla a2200000 4500
001 0180232
005 20240521080616.5
041 0 |a slo 
044 |a SK 
245 1 0 |a Vplyv vybraných faktorov nákupnej atmosféry na nákupné správanie spotrebiteľov  |c Lucia Folvarčíková, Katarína Chomová 
520 |a Vplyv nákupnej atmosféry maloobchodných jednotiek na nákupné rozhodovanie spotrebiteľa a celkovú návštevnosť predajnej jednotky. Význam a dôležitosť vplyvu nákupnej atmosféry v predajni. 
610 2 0 |a spotrebitelia 
610 2 0 |a správanie spotrebiteľa 
610 2 0 |a spokojnosť zákazníkov 
610 2 0 |a rozhodovanie nákupné 
610 2 0 |a politika spotrebiteľská 
100 1 |a Folvarčíková, Lucia, 1982- 
700 1 |a Chomová, Katarína, 1983-